Atlanta Reign Players - Sudden Death - Statistics

General Stats
  • This quiz has been taken 5 times
  • The average score is 12 of 16
Answers on the Grid
Answers color-coded by a green-red scale on the quiz's grid according to % correct below.
dafran
FunnyAstro
Dogman
frdwnr
Pelican
Masaa
Ir1s
Kai
LIP
D0NGHAK
Venom
NlaaeR
Edison
SharP
vigilante
Fielder
Seagull
Crimzo
Punk
Rupal
super
Hanbin
Proper
Cjay
Happy
Rakattack
TR33
s9mm
Reiner
Architect
 
Answer Stats
Answer % Correct
Kai
100%
D0NGHAK
80%
dafran
80%
Edison
80%
frdwnr
80%
Ir1s
80%
Masaa
80%
SharP
80%
vigilante
80%
Dogman
60%
Fielder
60%
FunnyAstro
60%
LIP
60%
NlaaeR
60%
Pelican
60%
Venom
60%
No matching quizzes found
Score Distribution
Percent of People with Each Score
Percentile by Number Answered
Your Score History
You have not taken this quiz